000 00653nam a22002057a 4500
001 733767
003 AM-YEHGA
005 20250617160656.0
008 210204b ||||| |||| 00| 0 rus d
040 _aAM-YeHGA
041 0 _arus
100 1 _aСоболева, Нина Алексеевна
245 1 0 _aГречиха /
_cН.А. Соболева
260 _aСмоленск :
_bКн. изд-во,
_c1961
300 _a39 с.
500 _aНа обл.: Решения январского Пленума - в жизнь!
653 0 _aГречиха - Возделывание - Смол. обл.
942 _2udc
_cBK
090 _c461109
999 _c458058
_d458058